000 01010nac a22003017a 4500
001 BR0104091
003 BR-BrBNA
005 20240105122624.0
008 230509b bl.|||m| |||| 00| 0 por d
040 _aBR-BrBNA
_bpor
_cBiblioteca Nacional de Agricultura
072 _aP10
090 _aP10 BR0104091
100 1 _aOliveira, H. de
100 1 _aSano, E.E.
100 1 _aOliveira, F.D.A. de
100 1 _aAdamoli, J.
110 1 _aEMBRAPA Agropecuaria Oeste, MS (Brasil)
_93544
245 1 _aAnalise da expansao da fronteira agricola na Bacia Hidrografica do Alto Rio Taquari utilizaqndo sistema de informacoes geograficas
260 3 _aDourados, MS (Brasil):
_c2000.
300 _a24 p.
490 _aDocumentos - EMBRAPA Agropecuaria Oeste (Brazil)
_vno. 14
_xISSN 1516-845X
500 _aSummary (Pt); 14 ref.; 7 illus.
650 _aFronteira Agricola
650 _aBacia Hidrografica
650 _aCerrado
909 _a202312
_bLúcia Elande
_c55
_dLúcia Elande
942 _2AGRIS
_n0
_cMS
999 _c291968
_d291968